Le più grandi città italofone dalla A alla Z - Statistics

Statistiche generali
  • Questo quiz è stato fatto 50 volte
  • Il punteggio medio è 16 su 21
Statistiche sulle risposte
Popolazione Regione Indizio Risposta % Corretto
B 391,000 Italia settentrionale sede dell’università più antica del mondo occidentale e dei portici più lunghi del mondo Bologna
100%
A 101,000 Italia centrale importante porto dell’Adriatico il cui nome deriva dalla parola greca per “gomito” Ancona
91%
G 565,000 Italia settentrionale città natale di Cristoforo Colombo e patria del vero pesto Genova
89%
M 1.4 milioni Italia settentrionale capitale finanziaria e della moda, sede dell’Ultima Cena di Leonardo da Vinci Milano
89%
N 908,000 Italia meridionale città natale della pizza Napoli
89%
R 2.7 milioni Italia centrale “Città Eterna”, un tempo centro di un vasto impero e sede del Colosseo Roma
89%
T 857,000 Italia settentrionale città della FIAT, del Museo Nazionale del Cinema e della misteriosa Sindone Torino
89%
V 255,000 Italia settentrionale ambientazione della tragedia shakespeariana Romeo e Giulietta Verona
89%
C 298,000 Isole del Mediterraneo ricostruita in uno spettacolare stile “Barocco Nero” usando pietra lavica vulcanica Catania
87%
F 362,000 Italia centrale culla del Rinascimento Firenze
87%
I 69,000 Italia settentrionale ospita il Gran Premio dell’Emilia-Romagna Imola
82%
P 626,000 Isole del Mediterraneo nota per la sua architettura arabo-normanna unica e per i suoi vivaci e famosissimi mercati di street food Palermo
82%
U 98,000 Italia settentrionale ospita la Loggia del Lionello ed è un centro culturale per la lingua friulana Udine
82%
E 54,000 Italia meridionale sepolta dall’eruzione del Vesuvio nel 79 d.C. ed è spesso meglio conservata della vicina Pompei Ercolano
80%
O 62,000 Isole del Mediterraneo principale porta d’accesso alla lussuosa Costa Smeralda Olbia
78%
S 126,000 Italia meridionale sede della prima scuola di medicina al mondo Salerno
78%
L 153,000 Italia centrale famosa per il suo “Quartiere Venezia” (Venezia Nuova), i canali e la zuppa di pesce chiamata cacciucco Livorno
73%
J 40,000 Italia centrale città natale dell’imperatore del Sacro Romano Impero Federico II Jesi
64%
Q 68,000 Isole del Mediterraneo famosa per le saline dove spesso nidificano i fenicotteri rosa Quartu Sant’Elena
53%
D 42,000 Italia settentrionale famosa per una storica battaglia del 1277 che consolidò il dominio dei Visconti su Milano Desio
38%
Z 19,000 Italia settentrionale “Capitale mondiale della mortadella”, con un festival annuale dedicato Zola Predosa
22%
Nessun quiz corrispondente trovato
Distribuzione punteggi
Percentuale di utenti per punteggio
Percentile per numero di risposta
I tuoi punteggi nel tempo
Non hai fatto questo quiz